LEADER 01038nam--2200361---450- 001 990005860140203316 005 20130619105850.0 035 $a000586014 035 $aUSA01000586014 035 $a(ALEPH)000586014USA01 035 $a000586014 100 $a20130619d1957----km-y0itay50------ba 101 $aspa 102 $aES 105 $aa---||||001yy 200 1 $aHistoria del arte espanol$fJ.A. Gaya Nuño 205 $a2. ed 210 $aMadrid$cPlus Ultra$dstampa 1957 215 $a478 p.$cill.$d20 cm 225 2 $a<> historia para todos 410 0$12001$a<> historia para todos 606 0 $aArte$ySpagna$2BNCF 676 $a709.46 700 1$aGAYA NUÑO,$bJuan Antonio$0388834 801 0$aIT$bsalbc$gISBD 912 $a990005860140203316 951 $aXII.2.B. 1814$b207176 L.M.$cXII.2.B.$d00293273 959 $aBK 969 $aUMA 979 $aIANNONE$b90$c20130619$lUSA01$h1056 979 $aIANNONE$b90$c20130619$lUSA01$h1058 996 $aHistoria del arte espanol$91086368 997 $aUNISA LEADER 01118nam0-22003131i-450 001 990004869240403321 005 20230531091534.0 035 $a000486924 035 $aFED01000486924 035 $a(Aleph)000486924FED01 100 $a19990604d1953----km-y0itay50------ba 101 0 $aspa 102 $aVE 105 $ay-------001yy 200 1 $a<>abate Viscardo$ehistoria y mito de la intervencion de los Jesuitas en la Independencia de Hispanoamérica$fMiguel Batllori 210 $aCaracas$cInstituto Panamericano de Geografia e Historia$d1953 215 $a438 p.$d24 cm 300 $aContiene in appendice le lettere di Juan Pablo Viscardo agli spagnoli d'America, esemplari della Bibliothèque National de Paris e del Archivio General de Indias de Sevilla. - 700 1$aBatllori,$bMiguel$f<1909-2003>$0168708 702 1$aViscardo,$bJuan Pablo 801 0$aIT$bUNINA$gRICA$2UNIMARC 901 $aBK 912 $a990004869240403321 952 $aPE 331$bS.I.$fFLFBC 952 $aBIB. BAT. 1848$bs.i.$fBAT 959 $aFLFBC 959 $aBAT 996 $aAbate Viscardo$9522042 997 $aUNINA LEADER 03689 am 2200769 n 450 001 9910416487903321 005 20190524 010 $a2-36781-318-3 024 7 $a10.4000/books.pulm.1710 035 $a(CKB)4100000010013981 035 $a(FrMaCLE)OB-pulm-1710 035 $a(oapen)https://directory.doabooks.org/handle/20.500.12854/55627 035 $a(PPN)241686067 035 $a(EXLCZ)994100000010013981 100 $a20191219j|||||||| ||| 0 101 0 $afre 135 $auu||||||m|||| 181 $ctxt$2rdacontent 182 $cc$2rdamedia 183 $acr$2rdacarrier 200 14$aLes paradoxes de l?enfermement dans l?Europe moderne (xvie-xviiie siècles) $eEspagne ? France ? Portugal /$fMarie-Noëlle Ciccia, Sylvie Favalier, Sylvie Imparato-Prieur 210 $aMontpellier $cPresses universitaires de la Méditerranée$d2019 215 $a1 online resource (220 p.) 311 $a2-36781-284-5 330 $aDans l?Europe moderne, les relations d?enfermement dans le commerce entre les sexes et le thème des rapports hommes/femmes dans les espaces publics et privés ont déjà suscité de nombreuses études. C?est pourquoi le présent ouvrage se propose de renouveler les perspectives en interrogeant à nouveau la notion d?enfermement mais en reliant ce phénomène tout particulièrement aux paradoxes qu?il induit. La femme occupe une place sociale fortement déterminée entre autres par la morale chrétienne, mais également par une société marquée par la prédominance masculine dans son fonctionnement. Elle se trouve alors le plus souvent confinée aux espaces clos (la demeure familiale, le couvent?), cette clôture pouvant être marquée par de grandes différences selon les aires géographiques et les périodes étudiées (XVIe-XVIIIe siècles). La recluse puise dans son esprit des formes d?échappatoires allant de la simple ruse à la plus grande folie. Les études contenues dans ce volume portent une attention particulière aux modalités métaphoriques ou symboliques de l?enfermement, ainsi que sur les moyens employés par les femmes pour s?y soustraire. 606 $aSociology 606 $aWomen's Studies 606 $aenfermement féminin 606 $acouvent 606 $arésistance 606 $asoumission 606 $amystique 606 $aclôture 610 $asoumission 610 $acouvent 610 $amystique 610 $aclôture 610 $aenfermement féminin 610 $arésistance 615 4$aSociology 615 4$aWomen's Studies 615 4$aenfermement féminin 615 4$acouvent 615 4$arésistance 615 4$asoumission 615 4$amystique 615 4$aclôture 700 $aAnastácio$b Vanda$01299213 701 $aBerriot-Salvadore$b Evelyne$0267930 701 $aBraga$b Isabel M. R. Mendes Drumond$0678011 701 $aCarlin$b Claire$01298804 701 $aChacón$b Luisa Candau$01299214 701 $aCiccia$b Marie-Noëlle$01263755 701 $aDemory$b Christelle Grouzis$01299215 701 $aImparato-Prieur$b Sylvie$01263757 701 $aKleiman$b Olinda$01284376 701 $aMaussion-Thuret$b Sylvie de$01299216 701 $aPascal$b Catherine$01284610 701 $aSánchez$b María José de la Pascua$01299217 701 $aCiccia$b Marie-Noëlle$01263755 701 $aFavalier$b Sylvie$01263756 701 $aImparato-Prieur$b Sylvie$01263757 801 0$bFR-FrMaCLE 906 $aBOOK 912 $a9910416487903321 996 $aLes paradoxes de l?enfermement dans l?Europe moderne (xvie-xviiie siècles)$93025058 997 $aUNINA